Normal view
MARC view
- الأطفال بطيئوالتعلم-تعليم. الرياضيات-دراسة وتعليم
Entry Topical Term
001 - CONTROL NUMBER
- control field: 45989
003 - CONTROL NUMBER IDENTIFIER
- control field: JO-AjAnu
005 - DATE AND TIME OF LATEST TRANSACTION
- control field: 20230606081613.0
008 - FIXED-LENGTH DATA ELEMENTS
- fixed length control field: 230606|| aca||aabn | a|a d
040 ## - CATALOGING SOURCE
- Original cataloging agency: JO-AjAnu
- Transcribing agency: JO-AjAnu
150 ## - HEADING--TOPICAL TERM
- Topical term or geographic name entry element: الأطفال بطيئوالتعلم-تعليم. الرياضيات-دراسة وتعليم
670 ## - SOURCE DATA FOUND
- Source citation: Work cat.: (JO-AjAnu)23543: البلوشي، عواطف محمد, author 45988, برنامج الكورت للطلبة ذوي صعوبات التعلم في الرياضيات،تطبيقات عملية